| 000 | 00514nam a2200157 i 4500 | ||
|---|---|---|---|
| 001 | 142859 | ||
| 003 | ES-MaACL | ||
| 005 | 20230906200637.0 | ||
| 007 | t| | ||
| 008 | 071010s1926 sp ||||1| spa d | ||
| 100 | 1 |
_aVidal Isern, José. _9114494 |
|
| 245 | 1 | 0 |
_aAl margen de un concurso, el solar de nuestra raza _b: regionalismo y cultura / _cJosé Vidal Isern. |
| 260 |
_aPalma de Mallorca : _b[s.n.], _c1926 ( _fImp. de Francisco Soler Prats) |
||
| 300 |
_aVI, 26 p. ; _c19 cm. |
||
| 852 |
_aES-MaACL _j1704-F-4 |
||
| 999 |
_c142859 _d142859 |
||